000 00349nam a22001337a 4500
008 181023b xxu||||| |||| 00| 0 eng d
020 _a9780321161949
041 _aeng
080 _28th
_a510
100 _a36
101 _aMAT
245 _aA problem Solving Approach to Mathematics for Elementary School Teachers
_cBillstein,R
942 _2udc
_cBK
999 _c50589
_d50589